000 01551cam a22003974a 4500
999 _c478577
_d478577
001 15997518
003 NUST
005 20180605050640.0
008 091125s2009 enka b 001 0 eng
010 _a 2009517975
015 _aGBA978030
_2bnb
016 7 _a015342943
_2Uk
020 _a9780521883627
020 _a0521883628
035 _a(OCoLC)ocn297147111
038 _aSNS Library
040 _aUKM
_cUKM
_dBTCTA
_dYDXCP
_dBWK
_dBWX
_dOCLCQ
_dYOU
_dDLC
041 1 _aeng
_hfre
042 _aukblsr
_alccopycat
050 0 0 _aQC189.5
_bO6913 2009
082 0 4 _a531.1134 OSW 2009
_222
100 1 _aOswald, Patrick.
_910970
240 1 0 _aRhéophysique.
_lEnglish
245 1 0 _aRheophysics :
_bthe deformation and flow of matter /
_cPatrick Oswald ; translated by Doru Constantin.
260 _aCambridge ;
_aNew York :
_bCambridge University Press,
_c2009.
300 _axv, 624 p. :
_bill. ; hB.
_c26 cm.
500 _aTranslated from the French.
504 _aIncludes bibliographical references (p. 608-610) and index.
650 0 _aRheology.
_910971
856 4 1 _3Table of contents only
_uhttp://www.loc.gov/catdir/enhancements/fy1002/2009517975-t.html
856 4 2 _3Publisher description
_uhttp://www.loc.gov/catdir/enhancements/fy1002/2009517975-d.html
856 4 2 _3Contributor biographical information
_uhttp://www.loc.gov/catdir/enhancements/fy1002/2009517975-b.html
906 _a7
_bcbc
_ccopycat
_d2
_encip
_f20
_gy-gencatlg
942 _2ddc
_cBK